000 00431nam a2200133Ia 4500
008 100328s9999 xx 000 0 und d
082 _b3743
100 _aवरेरकर भार्गवराम विठ्ठल
245 _aधावता घोटा भाग-2
260 _bमौज
630 _aधावता घोटा भाग-2
730 _aधावता घोटा भाग-2
942 _cBOOK
999 _c499863
_d499860